Memoria Anual Entel 2000
Uloženo v:
| Médium: | Kniha |
|---|---|
| Jazyk: | španělština |
| Vydáno: |
Santiago
Entel
2000
|
| Témata: | |
| Tagy: |
Přidat tag
Žádné tagy, Buďte první, kdo vytvoří štítek k tomuto záznamu!
|
MARC
| LEADER | 00000nam a2200000 a 4500 | ||
|---|---|---|---|
| 001 | UCK7227 | ||
| 003 | CL-VaPUC | ||
| 008 | 051111e20000000CL |||||||||||||||||spa|d | ||
| 082 | 0 | 4 | |a 384.6 |b MEM |2 21 |
| 245 | 1 | 0 | |a Memoria Anual Entel 2000 |
| 300 | |a 140 p | ||
| 942 | |c BK | ||
| 945 | |d 20051111 00:00:00 |a jtorresc | ||
| 260 | |a Santiago |b Entel |c 2000 | ||
| 600 | 0 | 7 | |a ENTEL CHILE |2 CL-VaPUC |9 496720 |
| 650 | 7 | |a REDES DE TELECOMUNICACIÓN |2 CL-VaPUC |9 496721 | |
| 650 | 7 | |a SISTEMAS TELEFONICOS |2 CL-VaPUC |9 359642 | |
| 650 | 0 | |a Telecomunicaciones |9 257195 | |
| 650 | 7 | |a COMUNICACIONES |2 CL-VaPUC |9 260778 | |
| 650 | 7 | |a BANCOS DE DATOS |2 CL-VaPUC |9 357059 | |
| 650 | 0 | |a Software |9 387312 | |
| 651 | 7 | |a CHILE |2 CL-VaPUC |9 496722 | |
| 651 | 0 | |a América Latina |9 255027 | |
| 583 | |a last modification |c 20051111 00:00:00 |k Rodrigo Vera | ||
| 999 | |c 315267 |d 315265 | ||
| 952 | |0 0 |1 0 |4 0 |6 384_600000000000000_MEM_2000 |7 0 |8 A |9 388287 |a BIBGIM |b BIBGIM |d 2019-11-22 |i 4179161 |o 384.6 MEM 2000 |p 4179161 |r 2025-01-15 |w 2019-11-22 |y BK |k GIM | ||